| 000 | 01034nam a2200277 a 4500 | ||
|---|---|---|---|
| 003 | OSt | ||
| 005 | 20240305142130.0 | ||
| 008 | 240305s2017 mx a|||| |||| 001 0 spa d | ||
| 040 | _cCHAP | ||
| 090 | _aCD-517 | ||
| 111 | 2 | 0 |
_9188871 _aForo Interinstitucional la Homeopatía y la Ciencia _n(13 : _d2017: _cChapingo, México) |
| 245 | 1 | 3 |
_aLa homeopatía y la ciencia : _bresultados y avances de investigación / _ccoordinado por Felipe de Jesús Ruiz Espinoza ...[ y otros tres ]. |
| 264 | 1 |
_aChapingo, Méx. : _bUniversidad Autónoma Chapingo, _c2017. |
|
| 300 |
_a145 páginas. _bgráficas, imagenes. |
||
| 504 | _aIncluye bibliografía. | ||
| 650 | 4 |
_973914 _aMedicina alternativa |
|
| 650 | 4 |
_9145936 _aHomeopatía _x Investigación _x Congresos |
|
| 650 | 4 |
_9145935 _aAgrohomeopatía |
|
| 650 | 4 |
_956058 _aHomeopatía en medicina veterinaria |
|
| 650 | 0 |
_9143160 _aBotánica _xMédica |
|
| 700 | 0 |
_9100666 _aRuiz Espinoza, Felipe de Jesús _eCoordinador. |
|
| 942 | _2local | ||
| 942 | _2ddc | ||
| 942 | _2ddc | ||
| 942 | _cCD | ||
| 999 |
_c219781 _d219781 |
||